Online katalóg knižníc regiónu Turca

Originální ruční dekorace / (Record no. 22775)

MARC details
000 -LEADER
fixed length control field 01552cam a2200481 a 4500
001 - CONTROL NUMBER
control field 22775
003 - CONTROL NUMBER IDENTIFIER
control field CZ PrNK
005 - DATE AND TIME OF LATEST TRANSACTION
control field 20260423130721.0
007 - PHYSICAL DESCRIPTION FIXED FIELD--GENERAL INFORMATION
fixed length control field ta
008 - FIXED-LENGTH DATA ELEMENTS--GENERAL INFORMATION
fixed length control field 070828s2007 xr a g f 000 0 cze d
015 ## - NATIONAL BIBLIOGRAPHY NUMBER
National bibliography number cnb001715218
020 ## - INTERNATIONAL STANDARD BOOK NUMBER
International Standard Book Number 9788024908892
Qualifying information (váz.)
035 ## - SYSTEM CONTROL NUMBER
System control number (OCoLC)190752214
040 ## - CATALOGING SOURCE
Original cataloging agency KLG001
Language of cataloging cze
Modifying agency BOA001
-- OLA001
041 1# - LANGUAGE CODE
Language code of text/sound track or separate title cze
Language code of original ita
072 #7 - SUBJECT CATEGORY CODE
Subject category code 74
Subject category code subdivision Kresba. Umělecká řemesla
Source Konspekt
080 ## - UNIVERSAL DECIMAL CLASSIFICATION NUMBER
Universal Decimal Classification number 745
Edition identifier MRF
080 ## - UNIVERSAL DECIMAL CLASSIFICATION NUMBER
Universal Decimal Classification number 688.78/.79
Edition identifier MRF
080 ## - UNIVERSAL DECIMAL CLASSIFICATION NUMBER
Universal Decimal Classification number 645.46/.49
Edition identifier MRF
080 ## - UNIVERSAL DECIMAL CLASSIFICATION NUMBER
Universal Decimal Classification number (035)
Edition identifier MRF
080 ## - UNIVERSAL DECIMAL CLASSIFICATION NUMBER
Universal Decimal Classification number (084.11)
Edition identifier MRF
245 00 - TITLE STATEMENT
Title Originální ruční dekorace /
Statement of responsibility, etc. [z italského originálu ... přeložila Klára Žejdlová]
246 30 - VARYING FORM OF TITLE
Title proper/short title Ruční dekorace
250 ## - EDITION STATEMENT
Edition statement Vyd. 1.
260 ## - PUBLICATION, DISTRIBUTION, ETC.
Place of publication, distribution, etc. V Praze :
Name of publisher, distributor, etc. Ikar,
Date of publication, distribution, etc. 2007
300 ## - PHYSICAL DESCRIPTION
Extent 263 s. :
Other physical details il. (převážně barev.) ;
Dimensions 27 cm
650 07 - SUBJECT ADDED ENTRY--TOPICAL TERM
Topical term or geographic name entry element výtvarné práce
Source of heading or term czenas
650 07 - SUBJECT ADDED ENTRY--TOPICAL TERM
Topical term or geographic name entry element dekorační předměty
Source of heading or term czenas
650 07 - SUBJECT ADDED ENTRY--TOPICAL TERM
Topical term or geographic name entry element bytové doplňky
Source of heading or term czenas
650 09 - SUBJECT ADDED ENTRY--TOPICAL TERM
Topical term or geographic name entry element handicraft
Source of heading or term eczenas
650 09 - SUBJECT ADDED ENTRY--TOPICAL TERM
Topical term or geographic name entry element decorative articles
Source of heading or term eczenas
650 09 - SUBJECT ADDED ENTRY--TOPICAL TERM
Topical term or geographic name entry element house accessories
Source of heading or term eczenas
655 #7 - INDEX TERM--GENRE/FORM
Genre/form data or focus term příručky
Source of term czenas
655 #7 - INDEX TERM--GENRE/FORM
Genre/form data or focus term obrazové publikace
Source of term czenas
655 #9 - INDEX TERM--GENRE/FORM
Genre/form data or focus term handbooks and manuals
Source of term eczenas
655 #9 - INDEX TERM--GENRE/FORM
Genre/form data or focus term pictorial works
Source of term eczenas
700 1# - ADDED ENTRY--PERSONAL NAME
Personal name Žejdlová, Klára,
Dates associated with a name 1974-
Relationship trl
765 0# - ORIGINAL LANGUAGE ENTRY
Title Grande libro della decorazione
856 41 - ELECTRONIC LOCATION AND ACCESS
Uniform Resource Identifier <a href="https://ndk.cz/uuid/uuid:0ccabce0-5208-11e9-936e-005056827e52">https://ndk.cz/uuid/uuid:0ccabce0-5208-11e9-936e-005056827e52</a>
Link text Digitalizovaný dokument
901 ## - LOCAL DATA ELEMENT A, LDA (RLIN)
b 9788024908892
f 1. vyd.
o 20071227
910 ## - USER-OPTION DATA (OCLC)
User-option data ABA001
942 ## - ADDED ENTRY ELEMENTS (KOHA)
Source of classification or shelving scheme Dewey Decimal Classification
Koha item type Odborná literatúra pre dospelých
Suppress in OPAC No
Holdings
Stav vyradenia Strata Poškodenie Spôsob nadobudnutia Domovská knižnica Aktuálna knižnica Dátum nadobudnutia Total checkouts Čiarový kód exemplára Date last seen Typ exemplára
      Dar Obecná knižnica Belá-Dulice Obecná knižnica Belá-Dulice 23.04.2026   4735903408 23.04.2026 Odborná literatúra pre dospelých
Projekt je podporený Slovenskou asociáciou knižníc
Prevádzkuje Turčianska knižnica Martin 2026